[Event "Forquilhinha op"]
[Site "Forquilhinha"]
[Date "2013.10.12"]
[Round "4"]
[White "Perondi, Marcelo"]
[Black "Orth, Maria Dirce"]
[Result "1-0"]
[WhiteElo "1484"]
[BlackElo "1800"]
[PlyCount "41"]
[EventDate "2013.10.10"]
[EventType "swiss"]
[EventRounds "7"]
[EventCountry "BRA"]
[SourceTitle "EXT 2014"]
[Source "ChessBase"]
[SourceDate "2013.11.20"]
[SourceVersion "1"]
[SourceVersionDate "2013.11.20"]
[SourceQuality "1"]

1. Nf3 d6 2. d4 e6 3. c4 Nc6 4. e3 Nf6 5. Bd3 Be7 6. b3 h5 7. Nbd2 Ng4 8. h3 e5 9. hxg4 Bxg4 10. Be2 Qd7 11. Bb2 0-0-0 12. Qc2 d5 13. cxd5 Qxd5 14. Rc1 Rh6 15. e4 Qd7 16. Bb5 a6 17. Nxe5 Qd6 18. Bxc6 Re6 19. Bd5 Rf6 20. Ba3 Qxa3 21. Qxc7# 1-0